Violència i renacionalitzacions en territoris ocupats (1920-1945) : anàlisis comparatives europees anàlisis comparatives europees
ISBN:
9788419326584
Descripción Física:
217 pàgines ; 23 cm.
Colección:
Documents del Memorial Democràtic
; 10
Materias:
Segle XX
; Totalitarisme -- Europa -- Història -- S. XX. -- Congressos
; Aculturació -- Europa -- Història -- S. XX. -- Congressos
; Nacionalisme -- Espanya -- Història -- S. XX. -- Congressos
; Franquisme -- Catalunya. -- Congressos
; Totalitarisme
; Aculturació
; Nacionalisme
; Franquisme
; Europa
; Catalunya
; Congressos
Idioma:
Catalán
MARC
| LEADER | 00000nam a22000008i 4500 | ||
|---|---|---|---|
| 001 | 27117 | ||
| 003 | Arxiu | ||
| 005 | 20260324181146.0 | ||
| 008 | 221020e202210 spc|||| ||||o0|0 0 cat| | ||
| 017 | |a DL B-20846-2022 |b Biblioteca de Catalunya | ||
| 020 | |a 9788419326584 | ||
| 040 | |a ES-BaBC |b cat |e rda |c ES-BaBC | ||
| 043 | |a e------ |a e-sp--- |a e-sp--- |b e-spc-- |2 catmarc | ||
| 080 | |a 321.64 |x (4) |x "19" |x (063) |2 2004 | ||
| 080 | |a 316.732 |x (4) |x "19" |x (063) |2 2004 | ||
| 080 | |a 321.64 |x (460.23) |x "19" |x (063) |2 2004 | ||
| 080 | |a 329.17 |x (460) |x "19" |x (063) |2 2004 | ||
| 111 | 2 | |a Violències i renacionalitzacions en territoris ocupats (1920-1945) (Seminari) |d (2021 : |c Barcelona, Catalunya), |j autor | |
| 245 | 1 | 0 | |a Violència i renacionalitzacions en territoris ocupats (1920-1945) : |b anàlisis comparatives europees |
| 264 | 1 | |a Barcelona : |b Memorial Democràtic , |c octubre 2022 | |
| 300 | |a 217 pàgines ; |c 23 cm. | ||
| 336 | |a text |b txt |2 rdacontent | ||
| 337 | |a sense mediació |b n |2 rdamedia | ||
| 338 | |a volum |b nc |2 rdacarrier | ||
| 490 | 1 | |a Documents del Memorial Democràtic ; |v 10 | |
| 504 | |a Referències bibliogràfiques | ||
| 648 | 7 | |a Segle XX |2 thub | |
| 650 | 7 | |a Totalitarisme |z Europa |x Història |y S. XX. |v Congressos |2 lemac | |
| 650 | 7 | |a Aculturació |z Europa |x Història |y S. XX. |v Congressos |2 lemac | |
| 650 | 7 | |a Nacionalisme |z Espanya |x Història |y S. XX. |v Congressos |2 lemac | |
| 650 | 7 | |a Franquisme |z Catalunya. |v Congressos |2 lemac | |
| 650 | 7 | |a Totalitarisme |2 thub | |
| 650 | 7 | |a Aculturació |2 thub |9 26956 | |
| 650 | 7 | |a Nacionalisme |2 thub |9 39944 | |
| 650 | 7 | |a Franquisme |2 thub |9 31577 | |
| 651 | 7 | |a Europa |2 thub |9 51026 | |
| 651 | 7 | |a Catalunya |2 thub |9 51009 | |
| 655 | 7 | |a Congressos |2 thub | |
| 700 | 1 | |a Arañó, Laia, |e editor literari | |
| 700 | 1 | |a Martín i Berbois, Josep Lluís, |e editor literari |9 53896 | |
| 710 | 2 | |a Memorial Democràtic (Catalunya) |9 52410 | |
| 830 | 0 | |a Documents del Memorial Democràtic ; |v 10 |9 53939 | |
| 908 | |a MD |a UB |a CHCC |a BAB |a UdL |a URV |a BMON | ||
| 940 | |a BC | ||
| 942 | |2 udc |c ARXIU |n 1 | ||
| 952 | |0 0 |1 0 |2 udc |4 0 |6 BIB1024 |7 1 |9 64858 |a Arxiu |b Arxiu |d 2022-12-20 |l 0 |o Bib-1024 |p 27117 |r 2022-12-20 00:00:00 |w 2022-12-20 |y ARXIU | ||
| 999 | |c 82827 |d 82827 | ||